Vista normal Vista MARC

Entrada Personal Name

Número de registros utilizados en: 1

001 - CONTROL NUMBER

  • control field: 5243

003 - CONTROL NUMBER IDENTIFIER

  • control field: OSt

005 - DATE AND TIME OF LATEST TRANSACTION

  • control field: 20200609134408.0

008 - FIXED-LENGTH DATA ELEMENTS

  • fixed length control field: 200609|| aca||aabn | a|a d

040 ## - CATALOGING SOURCE

  • Original cataloging agency: OSt
  • Transcribing agency: OSt

100 ## - HEADING--PERSONAL NAME

  • Personal name: Cladellas, Juan Angelet,

670 ## - SOURCE DATA FOUND

  • Source citation: Work cat.: (OSt)5486: Charles Walsh, Vivian, autor 5238, Introducción a la microeconomía contemporánea /, 1974